000 00635nam a2200229 i 4500
001 C2-0078599
003 PPAK
005 20180727083218.0
008 970429s1989 enka|||| ||||| | eng d
040 _aPPAK
_beng
_cPPAK
_erda
082 0 4 _a398.20954
_223
090 0 0 _a398.20954
_bGRA
_dG
100 1 _aGray, J.E.B.,
_eauthor
245 1 0 _aIndian tales and legends
264 1 _aOxford :
_bOxford University Press ,
_c1989
300 _aviii, 230 pages :
_billustrations ;
_c22 cm
336 _2rdacontent
_atext
337 _2rdamedia
_aunmediated
338 _2rdacarrier
_avolume
650 1 0 _aTales - India
942 _ddc
_cB
999 _c13145
_d13145